Economics of industrial management (Record no. 1134)
[ view plain ]
| 000 -LEADER | |
|---|---|
| fixed length control field | 00595cam a2200217ua 4500 |
| 008 - FIXED-LENGTH DATA ELEMENTS--GENERAL INFORMATION | |
| fixed length control field | 110620n ii |||gr||||Z||||||eng |
| 040 ## - CATALOGING SOURCE | |
| Transcribing agency | MAIN |
| 082 ## - DEWEY DECIMAL CLASSIFICATION NUMBER | |
| Classification number | 338 |
| 245 10 - TITLE STATEMENT | |
| Title | Economics of industrial management |
| Statement of responsibility, etc. | by Walter Rautenstrauch |
| 250 ## - EDITION STATEMENT | |
| Edition statement | 2nd ed. |
| 260 ## - PUBLICATION, DISTRIBUTION, ETC. | |
| Place of publication, distribution, etc. | Calcutta: |
| Name of publisher, distributor, etc. | Oxford & IBH publishing,957. |
| 300 ## - PHYSICAL DESCRIPTION | |
| Extent | xxii, 488p.: |
| Other physical details | ill.; |
| Dimensions | 30cm. |
| 700 1# - ADDED ENTRY--PERSONAL NAME | |
| Personal name | Rautenstrauch, Walter, |
| 700 1# - ADDED ENTRY--PERSONAL NAME | |
| Personal name | Villers, Raymond, |
| 942 ## - ADDED ENTRY ELEMENTS (KOHA) | |
| Koha item type | Books |
| 653 ## - INDEX TERM--UNCONTROLLED | |
| Uncontrolled term | Economics |
| 653 ## - INDEX TERM--UNCONTROLLED | |
| Uncontrolled term | Economics |
| 653 ## - INDEX TERM--UNCONTROLLED | |
| Uncontrolled term | Economics of industrial management |
| 653 ## - INDEX TERM--UNCONTROLLED | |
| Uncontrolled term | Industrial management |
| Withdrawn status | Lost status | Damaged status | Not for loan | Home library | Current library | Shelving location | Date acquired | Total Checkouts | Full call number | Barcode | Date last seen | Copy number | Price effective from | Koha item type |
|---|---|---|---|---|---|---|---|---|---|---|---|---|---|---|
| Central Library, Naharkatiya College | Central Library, Naharkatiya College | 19/09/2020 | 338 | RAU | 1852 | 19/09/2020 | 1 | 19/09/2020 | Books |
